Medical English

Zapisane w:
Opis bibliograficzny
1. autor: Ribes,Ramon
Format: Książka
Język:angielski
Wydane: Springer 2006
Etykiety: Dodaj etykietę
Nie ma etykietki, Dołącz pierwszą etykiete!

MARC

LEADER 00000nam a22000007a 4500
008 211028b ||||| |||| 00| 0 eng d
020 |a 3540254285 
100 |a Ribes,Ramon 
245 |a Medical English  |c Ramon Ribes {and} Pablo R.Ros  |g x, 199 p. : ill 
260 |b Springer  |c 2006  |d Book  |h Berlin  |i 655840  |l PE 1127.M4R35  |m English language--Medical English.  |m English language--Medical English--Problems, exercises, etc.  |m English language--Textbooks for foreign speakers. 
942 |a lcc  |c BK  |e Olagoke, M.A.  |f 28/10/2021 
952 |0 0  |1 0  |2 lcc  |4 0  |7 0  |9 3744  |a HOL  |b HOL  |c LP  |d 2021-10-28  |o PE 1127.M4R35  |p 2021-67477  |r 2021-10-28 00:00:00  |t 655840  |w 2021-10-28  |y BK 
999 |c 1861  |d 1861